Southville International School and Colleges
Your cart is empty.
  • Cart
  • Lists
    Public lists Eva Luna New books Lux_list list_1
    Your lists Log in to create your own lists
  • Log in to your account
  • Your cookies
  • Search history
Southville International School and Colleges
  • Advanced search
  • Recent comments
  • Most popular
  • Libraries

Log in to your account

Log in with GOOGLE


If you do not have an external account, but do have a local account, you can still log in:

  1. Home
  2. MARC view: Grit factor and its correlation to cognitive achievement, clinical performance and professional aptitude among fourth year nursing students of Southville international school and colleges /
Normal view MARC view ISBD view

Grit factor and its correlation to cognitive achievement, clinical performance and professional aptitude among fourth year nursing students of Southville international school and colleges / (Record no. 284031)

[ view plain ]
MARC details
000 -LEADER
fixed length control field 00866nam a2200229Ia 4500
008 - FIXED-LENGTH DATA ELEMENTS--GENERAL INFORMATION
fixed length control field 150520s9999 xx 000 0 und d
050 ## - LIBRARY OF CONGRESS CALL NUMBER
Classification number BF 432.5.C64
050 ## - LIBRARY OF CONGRESS CALL NUMBER
Item number .B363 2014
100 ## - MAIN ENTRY--PERSONAL NAME
Personal name Banaban, Ann Erika.
245 ## - TITLE STATEMENT
Title Grit factor and its correlation to cognitive achievement, clinical performance and professional aptitude among fourth year nursing students of Southville international school and colleges /
245 ## - TITLE STATEMENT
Statement of responsibility, etc Ann Erika Banaban, Daniel Cabacoy, Katrina Catig, Alexandra Del Rosario, and Aries Ercia.
260 ## - PUBLICATION, DISTRIBUTION, ETC. (IMPRINT)
Place of publication, distribution, etc Las Piñas, Philippines :
260 ## - PUBLICATION, DISTRIBUTION, ETC. (IMPRINT)
Name of publisher, distributor, etc SISC,
260 ## - PUBLICATION, DISTRIBUTION, ETC. (IMPRINT)
Date of publication, distribution, etc 2014.
300 ## - PHYSICAL DESCRIPTION
Extent 55 pages :
300 ## - PHYSICAL DESCRIPTION
Other physical details illustrations ;
300 ## - PHYSICAL DESCRIPTION
Dimensions 28 cm.
500 ## - GENERAL NOTE
General note Includes bibliographical references and appendices.
650 ## - SUBJECT ADDED ENTRY--TOPICAL TERM
Topical term or geographic name as entry element Clinical Performance
650 ## - SUBJECT ADDED ENTRY--TOPICAL TERM
Topical term or geographic name as entry element Cognitive Achievement
650 ## - SUBJECT ADDED ENTRY--TOPICAL TERM
Topical term or geographic name as entry element Professional Aptitude

No items available.

Grit factor and its correlation to cognitive achievement, clinical performance and professional aptitude among fourth year nursing students of Southville international school and colleges /

APA

Banaban A. E., .Grit factor and its correlation to cognitive achievement, clinical performance and professional aptitude among fourth year nursing students of Southville international school and colleges. Las Piñas, Philippines: .

Chicago

Banaban Ann Erika, .Grit factor and its correlation to cognitive achievement, clinical performance and professional aptitude among fourth year nursing students of Southville international school and colleges. Las Piñas, Philippines: .

Harvard

Banaban A. E., .Grit factor and its correlation to cognitive achievement, clinical performance and professional aptitude among fourth year nursing students of Southville international school and colleges. Las Piñas, Philippines: .

MLA

Banaban Ann Erika, .Las Piñas, Philippines: . .

  • Print
  • Cite
  • Add to your cart (remove)
  • Save record
    BIBTEX Dublin Core MARCXML MARC (non-Unicode/MARC-8) MARC (Unicode/UTF-8) MARC (Unicode/UTF-8, Standard) MODS (XML) RIS
  • More searches
    Search for this title in:
    Other Libraries (WorldCat) Other Databases (Google Scholar) Online Stores (Bookfinder.com) Open Library (openlibrary.org)

Exporting to Dublin Core...

SOUTHVILLE LIBRARY

Southville International School and Colleges Library

1281 Tropical Ave. Cor. Luxembourg St., BF Homes International, Las Pinas City

Tel. No. 8256374 / 252358 Loc. 117/146

Powered by Koha